| 000 | 00676nam a2200265Ia 4500 | ||
|---|---|---|---|
| 005 | 20260121170614.0 | ||
| 008 | 008 260114s9999 xx 000 0 eng d | ||
| 020 | _a9783319906355 | ||
| 037 | _aEBOOK | ||
| 040 | _aCRL | ||
| 040 | _beng | ||
| 040 | _cCRL | ||
| 041 | _2eng | ||
| 041 | _aeng | ||
| 084 | _qCRL | ||
| 100 |
_aHanna Samir Kassab, Jonathan D. Rosen _91065933 |
||
| 245 | 0 | _aIllicit Markets, Organized Crime, and Global Security | |
| 260 | _bSpringer | ||
| 260 | _bSpringer | ||
| 260 | _c2019 | ||
| 856 | _uhttps://link.springer.com/openurl?genre=book&isbn=978-3-319-90635-5 | ||
| 942 | _cEBOOK | ||
| 999 |
_c1631663 _d1631663 |
||